O leão e o ratinho (Registo nº 1710)

Detalhes MARC
000 -Etiqueta do registo
Cabeçalho 00862nam a22002771 4500
005 - Identificador da versão
Campo de controlo 20240823153529.0
010 ## - Número internacional normalizado dos livros (ISBN)
Número (ISBN) 9726101867
021 ## - Número do Depósito Legal
Código do país PT
Número 137202/99
035 ## - Other System Control Numbers
System Control Number 0000098
100 ## - Dados gerais de processamento
Dados gerais de processamento 19990930d1999 bc y0pory5003 ba
101 1# - Língua de publicação
Língua do texto, banda sonora, etc. Português
Língua do documento no original Italiano
102 ## - Pais de publicação ou produção
País de publicação Portugal
105 ## - Campo de dados codificados: livros
Dados codificados dos livros a z 000fy
106 ## - Campo de dados codificados: material textual
Dados codificados do material textual r
200 1# - Titulo e menção de responsabilidade
Título próprio O leão e o ratinho
Primeira menção de responsabilidade texto de Giovanna Mantegazza
Outras menções de responsabilidade il. Giulia Orecchia
-- trad. Margarida Machado
210 ## - Publicação, Distribuição, etc. 
Lugar da edição, distribuição, etc. Porto
Nome do editor, distribuidor, etc. Campo das Letras
Data da publicação, distribuição, etc. imp. 1995
215 ## - Descrição física 
Indicação específica da natureza do documento e extensão da espécie [6] p. cartonadas
Outras indicações físicas todo il.
Dimensões 24 cm
225 2# - Colecção 
Título próprio da colecção As histórias da Joaninha
Menção de responsabilidade relativa à colecção Carlo Alberto Michelini
Indicação de volume 7
606 ## - Nome comum usado como assunto
Número de registo de entrada de autoridade 0000001
Palavra de ordem Literatura estrangeira infantil
Subdivisão de assunto Conto
675 ## - Classificação Decimal Universal (CDU)
Notação 82-34
Edição
Língua da edição por
700 #1 - Nome de autor-pessoa física (responsabilidade principal)
Número de registo de entrada de autoridade 0000184
Palavra de ordem Mantegazza
Outra parte do nome não tomada para palavra de ordem Giovanna
701 #1 - Nome de autor-pessoa física (co-responsabilidade principal)
Palavra de ordem Orecchia
Outra parte do nome não tomada para palavra de ordem Giulia
Código de função Ilustrador / Técnico de desenho computorizado
702 #1 - Nome de autor-pessoa física (responsabilidade secundária)
Número de registo de entrada de autoridade 0000186
Palavra de ordem Machado
Outra parte do nome não tomada para palavra de ordem Margarida
Código de função Tradutor
942 ## - Elementos de entrada adicionados (Koha)
Tipo de item no Koha Livro
Exemplares
Situação do levantamento Origin of item (home branch) (coded) Biblioteca de empréstimo Código de barras Cota Circulation type (not for loan) Tipo de documento Nota do exemplar Damaged status
  Biblioteca Escolar da Coca Maravilhas Biblioteca Escolar da Coca Maravilhas BECM4600/99 8EST MAN   Livro Sem mensagem